| 000 | 01083cam a22003377a 4500 | ||
|---|---|---|---|
| 003 | CHAP | ||
| 005 | 20220329134634.0 | ||
| 008 | 971013s1968 r 00010 d | ||
| 010 | _a23441 | ||
| 011 | _a24413 | ||
| 035 | _a28512 | ||
| 040 | _cCHAP | ||
| 082 |
_a338.1097293 _bM3 |
||
| 100 | 0 | 0 |
_aCheaney, Robert L. _922096 |
| 245 | 0 | _aEstudios preliminares sobre la nutrición del plátano en el Cibao | |
| 260 |
_aSantiago : _bRepública Dominicana, Instituto Superior de Agricultura, _c1968 |
||
| 300 |
_a6 p. _b: ilus |
||
| 490 | 0 |
_aBoletín _v; 10 |
|
| 501 | _aEnc. con otros impresos similares | ||
| 590 |
_aBATCH-UPD _b10 _c20130110 _lUCH01 _h1346 |
||
| 590 |
_aBATCH-UPD _b10 _c20130410 _lUCH01 _h0844 |
||
| 590 |
_aBATCH-UPD _b10 _c20130914 _lUCH01 _h0650 |
||
| 590 |
_aCONVERSION _b10 _c20130109 _lUCH01 _h1314 |
||
| 650 | 1 | 4 |
_aPlantas _xNutrición. _988874 |
| 650 | 1 | 4 |
_aPlátano. _989202 |
| 700 | 0 |
_aSmith, L. R. _9107068 |
|
| 830 | 0 |
_aBoletín _v; 10 _913507 |
|
| 901 | _aBK | ||
| 942 | _cLIBRO | ||
| 949 |
_a338.1097293 M3 _bBC _cLIBRO _d-65739 _eLIBRO _h66342 _i28512 _mD _si |
||
| 999 |
_c23441 _d23441 |
||